000 00684nam a2200241Ia 4500
005 20250108124806.0
008 008 250107s9999 xx 000 0 eng d
020 _a976-93-5179-032-7
037 _aTB
040 _aCRL
_beng
_cCRL
041 _apee
_2eng
084 _aO152,1I83,12 K0;Q1
084 _qCRL
100 _aRajinder Kumar Au.
_9729841
245 0 _aElementary persian grammar
_cRajinder Kumar Au.
260 _aDelhi, India
_bGreat Book Contractor
_c2214
300 _a264p.
365 _aINR
_b65
546 _aTranslated from Persian to English
650 _aLINGUISTICS
942 _cTB
_hO152,1I83,12 K0;Q1
999 _c1234602
_d1234602